Concise history of Karnataka (Record no. 360739)
[ view plain ]
| 000 -LEADER | |
|---|---|
| fixed length control field | 01012nam a22001577a 4500 |
| 003 - CONTROL NUMBER IDENTIFIER | |
| control field | 0 |
| 005 - DATE AND TIME OF LATEST TRANSACTION | |
| control field | 20260412131018.0 |
| 082 ## - DEWEY DECIMAL CLASSIFICATION NUMBER | |
| Classification number | KK 954.87 KAM |
| 100 ## - MAIN ENTRY--AUTHOR NAME | |
| Personal name | Kamath, Suryanath U. |
| 245 ## - TITLE STATEMENT | |
| Title | Concise history of Karnataka |
| 260 ## - PUBLICATION, DISTRIBUTION, ETC. (IMPRINT) | |
| Place of publication | Bangalore |
| Name of publisher | M.C.C. Publications |
| Year of publication | 2022 |
| 300 ## - PHYSICAL DESCRIPTION | |
| Number of Pages | 340 |
| 520 ## - SUMMARY, ETC. | |
| Summary, etc | This book deals in the study and research in Karnataka history for over three decades. In this book author has tried to present cogent accounts of activities of the Marathas, the Portuguese and the Mughuls in Karnataka and also given a brief outline of cultural Renaissance in the modern period. A. brief note on backward classes movement is also added. These sectons, together with the accounts on history of the freedom and unification Movements, have been the result of his researches, published elsewhere, presented here briefly. in this book researches on the Chalukyas, Rashtrakutas, Vijayanagara Empire and Keladi are also well known. |
| 650 ## - SUBJECT ADDED ENTRY--TOPICAL TERM | |
| Topical Term | History - Karnataka |
| 9 (RLIN) | 18839 |
| 942 ## - ADDED ENTRY ELEMENTS (KOHA) | |
| Koha item type | Donated Books |
| Lost status | Home library | Current library | Date acquired | Cost, normal purchase price | Full call number | Accession Number | Koha item type | Public Note |
|---|---|---|---|---|---|---|---|---|
| Gandhi Smriti Library | Gandhi Smriti Library | 2026-04-12 | 250.00 | KK 954.87 KAM | 173427 | Donated Books | 250.00 |
